[Event "3rd Tilburg Interpolis it"]
[Site "Tilburg NED"]
[Date "1979.??.??"]
[Round "3"]
[White "Karpov, Anatoly"]
[Black "Romanishin, Oleg"]
[Result "1/2-1/2"]
[WhiteElo "2690"]
[BlackElo "2560"]
[EventDate "1979.??.??"]
[PlyCount "68"]

1. d4 Nf6 2. c4 e6 3. g3 c5 4. Nf3 cxd4 5. Nxd4 Qa5+ 6. Nd2 Nc6 7. N4b3 Qh5 8.
Bg2 d5 9. O-O Be7 10. e4 Qxd1 11. Rxd1 d4 12. e5 Nxe5 13. Nxd4 O-O 14. f4 Nd3
15. N2b3 Nc5 16. h3 Bd7 17. Be3 Rac8 18. Rac1 b6 19. Nxc5 Bxc5 20. Kf2 Rfe8 21.
Nb5 Bxe3+ 22. Kxe3 Nd5+ 23. Kf2 Bxb5 24. cxb5 Kf8 25. Rc6 Rxc6 26. bxc6 Rc8 27.
Bxd5 exd5 28. Rc1 Ke7 29. b4 a6 30. a4 b5 31. axb5 axb5 32. Rc5 Kd6 33. Rxb5
Rxc6 34. Rb7 Ke6 1/2-1/2

[Event "3rd Tilburg Interpolis it"]
[Site "Tilburg NED"]
[Date "1979.??.??"]
[Round "7"]
[White "Hort, Vlastimil"]
[Black "Smyslov, Vassily"]
[Result "1-0"]
[WhiteElo "2620"]
[BlackElo "2595"]
[EventDate "1979.??.??"]
[PlyCount "81"]

1. c4 c6 2. d4 d5 3. Nc3 Nf6 4. Nf3 dxc4 5. a4 Na6 6. e4 Bg4 7. Bxc4 e6 8. Be3
Bb4 9. Qd3 Bxf3 10. gxf3 Qa5 11. Rg1 O-O 12. e5 Ne8 13. Ke2 Bxc3 14. Qxc3 Qd8
15. Qb3 Rb8 16. Rg4 Nac7 17. Rag1 b5 18. axb5 cxb5 19. Bd3 f5 20. exf6 Qxf6 21.
Be4 Nd5 22. Bg5 Qf7 23. Bh6 Kh8 24. Rxg7 Nxg7 25. Rxg7 Qxg7 26. Bxg7+ Kxg7 27.
Bxd5 exd5 28. Qxd5 Rbe8+ 29. Kf1 b4 30. Qd7+ Kh8 31. Qxa7 Rxf3 32. d5 Kg8 33.
Qd4 Rf7 34. Qxb4 Rd8 35. Qg4+ Kf8 36. Qd4 Rd6 37. b4 h6 38. Qc5 Rfd7 39. b5 Kf7
40. b6 Rxd5 41. Qc8 1-0

[Event "3rd Tilburg Interpolis it"]
[Site "Tilburg NED"]
[Date "1979.??.??"]
[Round "7"]
[White "Romanishin, Oleg"]
[Black "Portisch, Lajos"]
[Result "1/2-1/2"]
[WhiteElo "2560"]
[BlackElo "2625"]
[EventDate "1979.??.??"]
[PlyCount "79"]

1. e4 c5 2. Nc3 d6 3. f4 g6 4. d4 cxd4 5. Qxd4 Nf6 6. e5 Nc6 7. Bb5 Nh5 8. Be3
Bg7 9. Qd1 dxe5 10. Qxd8+ Kxd8 11. O-O-O+ Bd7 12. fxe5 Bxe5 13. Nd5 Ng7 14. Nf3
Bd6 15. Rhe1 Ne6 16. Ng5 Ne5 17. Nc3 f6 18. Nge4 Bb4 19. Rxd7+ Nxd7 20. Rd1
Nef8 21. Bh6 a6 22. Bc4 Bxc3 23. Nxc3 Rc8 24. Bb3 e6 25. Bxf8 Rxf8 26. Bxe6 Rc7
27. Nd5 Nb8 28. Nxf6+ Ke7 29. Nd5+ Kxe6 30. Nxc7+ Ke5 31. Nd5 Rf2 32. Ne3 Kf4
33. Rd3 Nc6 34. Kd1 Ke4 35. Ke1 Rxc2 36. Rb3 Rc5 37. Ng4 Kf4 38. Nf2 Rb5 39.
Rf3+ Kg5 40. Nd3 1/2-1/2